Free cinema
Μια ομάδα νεαρών κινηματογραφιστών με επικεφαλή τον Lindsay Anderson στα τέλη της δεκαετίας του 50 αποφάσισαν να επαναστατήσουν ενάντια στην άκαμπτη προσαρμογή του βρετανικού κινηματογράφου και δημιούργησαν τις δικές τους ταινίες έξω από τους περιορισμούς του "συστήματος"....
Αποθηκεύτηκε σε:
| Μορφή: | |
|---|---|
| Γλώσσα: | English |
| Δημοσίευση: |
[London] :
British Film Institute,
[1952-1963]
|
| Θέματα: | |
| Ετικέτες: |
Προσθήκη ετικέτας
Δεν υπάρχουν, Καταχωρήστε ετικέτα πρώτοι!
|
MARC
| LEADER | 00000cgm a2200000 i 4500 | ||
|---|---|---|---|
| 001 | 1/100225 | ||
| 008 | 090115m19521962enk||| | || ||eng|| | ||
| 035 | |l 10102773 | ||
| 040 | |a GR-MyUa |b gre |e AACR2 | ||
| 041 | 0 | |a eng | |
| 082 | 7 | |a 791.437 |2 (22) | |
| 245 | 0 | 0 | |a Free cinema |h [μαγνητοσκόπηση]. |
| 260 | |a [London] : |b British Film Institute, |c [1952-1963] | ||
| 300 | |a 3 βιντεοδίσκοι (475 λεπτ.) : |b ομίλ., ασπρόμ. ; |c 4 3/4 ίν. + |e 1 φυλλάδιο | ||
| 505 | 8 | |a Disc 1. Free cinema 1: O dreamland / director Lindsay Anderson - Momma don't allow / directors Karel Reisz, Tony Richardson - Together / director Lorenza Mazzetti Free cinema 3: Wakefield express / director Lindsay Anderson - Nice time / directors Claude Goretta, Alain Tanner - The singing street / director N. Mclsaac, J.T.R. Ritchie, R. Townsend - Every day except Christmas / director Lindsay Anderson -- Disc 2. Free cinema 6: Refuge England / director Robert Vas - Enginemen / director Michael Grigsby - We are the Lambeth boys / director Karel Reisz - Food for a blush / direction Elizabeth Russell -- Disc 3. Beyond free cinema: One potato two potato / director Leslie Daiken - March to Aldermaston - The Vanishing street / director Robert Vas - Tomorrow's Saturday / director Michael Grigsby - Gala day / director John Irvin - Extra: Small is beautiful: the story of the Free Cinema films told by their makers. | |
| 511 | 0 | |a Παραγωγή, Christophe Dupin ; τεχνική παραγωγή, James White ; διευθυντής παραγωγής, Marianthi Makra ; συντονισμός παραγωγής, Shora Barrett. | |
| 520 | 8 | |a Μια ομάδα νεαρών κινηματογραφιστών με επικεφαλή τον Lindsay Anderson στα τέλη της δεκαετίας του 50 αποφάσισαν να επαναστατήσουν ενάντια στην άκαμπτη προσαρμογή του βρετανικού κινηματογράφου και δημιούργησαν τις δικές τους ταινίες έξω από τους περιορισμούς του "συστήματος". | |
| 546 | |a Στα αγγλικά. | ||
| 650 | 0 | 0 | |a Working class |z Great Britain |x Drama. |
| 650 | 0 | 0 | |a Youth |z Great Britain |x Drama. |
| 655 | 7 | |a Feature films |2 lcgft | |
| 852 | |a INST |b SYROS |c AV |e 20090115 |h 791.437 FRE |p 005500008783 |q 005500008783 |t DVD |y 23 |z Disc.1 | ||
| 852 | |a INST |b SYROS |c AV |e 20090115 |h 791.437 FRE |p 005500008784 |q 005500008784 |t DVD |y 23 |z Disc.2 | ||
| 852 | |a INST |b SYROS |c AV |e 20090115 |h 791.437 FRE |p 005500008785 |q 005500008785 |t DVD |y 23 |z Disc.3 | ||
| 852 | |a INST |b SYROS |c AV |e 20090115 |h 791.437 FRE |p 005500008783 |q 005500008783 |t DVD |v Disc.1: |y 23 |z Disc.1 | ||
| 852 | |a INST |b SYROS |c AV |e 20090115 |h 791.437 FRE |p 005500008784 |q 005500008784 |t DVD |v Disc.2: |y 23 |z Disc.2 | ||
| 852 | |a INST |b SYROS |c AV |e 20090115 |h 791.437 FRE |p 005500008785 |q 005500008785 |t DVD |v Disc.3: |y 23 |z Disc.3 | ||
| 853 | |a INST |b SYROS |c AV |h 791.437 FRE | ||
| 901 | |a BIBL5-2008-1 | ||
| 920 | |a ΑΝΑΜΟΡΦΩΣΗ |b ΕΠΕΑΕΚ ΙΙ-ΤΜΣΠΣ |y Σύρος |z 2006-06 | ||
| 970 | |a Κοντού |b Παρασκευή |z 15/01/2009 | ||